Worldwide trends in the criminal regulation of sex, 1945 to 2005 (Record no. 91102)

000 -LEADER
fixed length control field 00523pab a2200205 454500
008 - FIXED-LENGTH DATA ELEMENTS--GENERAL INFORMATION
fixed length control field 180718b2010 xxu||||| |||| 00| 0 eng d
100 ## - MAIN ENTRY--PERSONAL NAME
Personal name Frank, David John
245 ## - TITLE STATEMENT
Title Worldwide trends in the criminal regulation of sex, 1945 to 2005
260 ## - PUBLICATION, DISTRIBUTION, ETC.
Date of publication, distribution, etc. 2010
300 ## - PHYSICAL DESCRIPTION
Extent p.867-893.
362 ## - DATES OF PUBLICATION AND/OR SEQUENTIAL DESIGNATION
Dates of publication and/or sequential designation Dec
650 ## - SUBJECT ADDED ENTRY--TOPICAL TERM
Topical term or geographic name entry element Criminal law
650 ## - SUBJECT ADDED ENTRY--TOPICAL TERM
Topical term or geographic name entry element Globalization
650 ## - SUBJECT ADDED ENTRY--TOPICAL TERM
Topical term or geographic name entry element Sex
700 ## - ADDED ENTRY--PERSONAL NAME
Personal name Boutcher, Steven A.
700 ## - ADDED ENTRY--PERSONAL NAME
Personal name Camp, Bayliss J.
773 ## - HOST ITEM ENTRY
Main entry heading American Sociological Review
908 ## - PUT COMMAND PARAMETER (RLIN)
Put command parameter N
909 ## -
-- 91102
Holdings
Withdrawn status Lost status Damaged status Not for loan Permanent Location Current Location Date acquired Serial Enumeration / chronology Barcode Date last seen Price effective from Koha item type
        Indian Institute of Public Administration Indian Institute of Public Administration 2018-07-19 Volume no: 75, Issue no: 6 AR91562 2018-07-19 2018-07-19 Articles

Powered by Koha